000
00252nam a22001217a 4500
082
_a
891.43930
100
_a
MUMTAZ MUFTI
245
_a
LABBAIK
260
_a
Lahore,
_b
Hazina Ilm o Adab
_c
2000.
300
_a
312p. :
500
_a
Hardcover.
942
_c
BK
999
_c
32551
_d
32551